| 000 | 01079nam a2200253 a 4500 | ||
|---|---|---|---|
| 001 | 000043302 | ||
| 003 | DO-SdBNP | ||
| 005 | 20250307090226.0 | ||
| 007 | ta | ||
| 008 | 140304e2011 dr gr 000 e spa d | ||
| 040 |
_aDO-SdBNP _bspa _cBNPHU |
||
| 082 | 4 |
_a923.17293 _bB171C _222 |
|
| 100 | 1 |
_aCastillo Rodríguez, Marino Vinicio, _cVincho, _d1931- _970945 |
|
| 245 | 1 | 0 |
_aBalaguer, recuerdo y derrotero : _bconferencia magistral presentada por el Dr. Marino Vinicio Castillo, con motivo de la celebración de los 45 años del ascenso al poder del Dr. Joaquín Balaguer / _cMarino Vinicio Castillo. |
| 246 | 1 | 4 |
_aCoferencia magistral : _bBalaguer recuerdo y derrotero |
| 260 |
_aSanto Domingo : _bUNICARIBE, _c2011 |
||
| 300 |
_a21 p. ; _c24 cm. |
||
| 590 | _aInventariado 2023 / MF | ||
| 600 | 1 | 0 |
_a Balaguer, Joaquín, _d1906-2002 _xEnsayos, conferencias, etc. _976556 |
| 650 | 1 | 4 |
_aPolíticos _zRepública Dominicana _xEnsayos, conferencias, etc. _927111 |
| 710 | 2 |
_aUniversidad del Caribe (UNICARIBE) _959912 |
|
| 910 | _aValidado. Control de calidad EMS | ||
| 942 |
_2ddc _cLBS1 |
||
| 999 |
_c42791 _d42791 |
||